=LDR 00000nam 2200000 4500 =001 $a INLIS000000000008395 =005 $a 20260604150625 =008 $a 260604###########################0#ind## =022 ##$$a 978-602-229-130-5 =035 ##$$a 0010-0626000022 =082 ##$$a 362.1 =084 ##$$a 362.1 SCO t =100 #$$a Scott John =245 ##$$a Teori Sosial $b Masalah - Masalah Pokok Dalam Sosiologi $c Scott John (Penulis) ; Setyaningrum (Penyunting) =246 ##$$a =260 ##$$a Yogyakarta $b Pustaka Pelajar $c 2012 =300 ##$$a 459 hlm $b Ilus $c 24 cm $d =336 ##$$a =337 ##$$a =338 ##$$a =520 #$$a - =650 #$$a Ilmu Sosial =700 #$$a =740 ##$$a =856 ##$$a - =Wor $a 1